-
Muthy ,H.V Sreenivasa and Elizabeth ,Dr U.S
Entry Personal Name
Number of records used in: 1
001 - CONTROL NUMBER
003 - CONTROL NUMBER IDENTIFIER
005 - DATE AND TIME OF LATEST TRANSACTION
- control field:
20210903154640.0
008 - FIXED-LENGTH DATA ELEMENTS
- fixed length control field:
210903|| aca||aabn | a|a d
040 ## - CATALOGING SOURCE
- Original cataloging agency:
OSt
- Transcribing agency:
OSt
100 ## - HEADING--PERSONAL NAME
- Personal name:
Muthy ,H.V Sreenivasa and Elizabeth ,Dr U.S
670 ## - SOURCE DATA FOUND
- Source citation:
Work cat.: (OSt)6395: Muthy ,H.V Sreenivasa and Elizabeth ,Dr U.S, History of India Part-II( For LAw Student), 2019